東北の地図クイズ (クリックバージオン) - Statistics

General Stats
  • This quiz has been taken 115 times
  • The average score is 6 of 6
Answers on the Map
Answers color-coded by a green-red scale on the quiz's map according to % correct below.
 
Answer Stats
Answer % Correct
青森県
99%
秋田県
97%
宮城県
95%
山形県
95%
福島県
94%
岩手県
91%
No matching quizzes found
Score Distribution
Percent of People with Each Score
Percentile by Number Answered
Your Score History
You have not taken this quiz